000 00942cam a2200337 i 4500
001 0000502
003 DO-SdBPM
005 20250107115410.0
007 0000502
008 100514s1987 sp | 000 f spa
015 _a
017 _a
_b
020 _a8440200692
035 _a
040 _aDO-SdBPM
_bspa
_cBPMSU
_e
080 _a
082 4 _a843.8
_bV531J 1987
_2 22
092 _222
100 1 _aVerne, Julio
_d1828-1905
240 1 3 _aL´ Archipel en feu /
_lfre.
245 1 0 _aJulio Verne :
_b El archipiélago en llamas /
_cJulio Verne ; traducción Ángel Nerva
_h
260 _aBarcelona:
_bEdiciones Orbis,
_c1987.
300 _a222 p.:
_bil. ;
_c20 m
490 0 _aJulio Verne,
_v56
590 _aInventariado, 2025/VM
650 4 _aNovela juvenil francesa
650 4 _aLiteratura juvenil francesa
700 1 _aNerva, Ángel
_etraductor
910 _aVMateo V./ Control de calidad MFF
942 _2ddc
_cBK
999 _c10745
_d10745